Handbook of Postharvest Technology:Cereals, Fruits, Vegetables,Tea, and Spices. (Record no. 14640)
[ view plain ]
| 000 -LEADER | |
|---|---|
| fixed length control field | 00382nam a22001337a 4500 |
| 020 ## - INTERNATIONAL STANDARD BOOK NUMBER | |
| ISBN | 824705149 |
| 082 ## - DEWEY DECIMAL CLASSIFICATION NUMBER | |
| Classification number | 631.56. |
| Item number | CHA/HA |
| 245 ## - TITLE STATEMENT | |
| Title | Handbook of Postharvest Technology:Cereals, Fruits, Vegetables,Tea, and Spices. |
| 260 ## - PUBLICATION, DISTRIBUTION, ETC. (IMPRINT) | |
| Place of publication | New York |
| Name of publisher | Marcel Dekker,Inc. |
| Year of publication | 2010 |
| 300 ## - PHYSICAL DESCRIPTION | |
| Number of Pages | 884 |
| 700 ## - ADDED ENTRY--PERSONAL NAME | |
| Personal name | Chakraverty,Amalendu |
| 700 ## - ADDED ENTRY--PERSONAL NAME | |
| Personal name | Majumdar,Arun S. |
| 942 ## - ADDED ENTRY ELEMENTS (KOHA) | |
| Koha item type | Reference |
No items available.
